000 00550nam a22002177a 4500
003 UA-OsUOA
001 36166
007 ta
008 20060119b un ||||| |||| 00| 0 ukr d
100 _aФольварочний В.
090 _a82
_bФ11
942 _cSA
040 _aUA-OsUOA
_bukr
_cUA-OsUOA
_dUA-OsUOA
245 _aОбрії сучасної драматургії
300 _aС.2
955 _a3
041 _aukr
080 _a82
773 0 _w36163
650 7 _a82 Література. Літературознавство
_2UDC
999 _c322416
_d322416